Racismo y mestizaje

保存先:
書誌詳細
フォーマット: テキスト
出版事項: s.l
主題:
タグ: タグ追加
タグなし, このレコードへの初めてのタグを付けませんか!

MARC

LEADER 00000 a a2200000 04500
001 28974
003
040
090 |a 0004 D286d  
245 |a Racismo y mestizaje  
260 |a s.l  
300 |a 384 p  
500 |a Algunas secciones del artículo fueron publicadas en la revista Memoria, n° 132, México 2000  
650 |a ETNICIDAD  
650 |a MUJERES  
650 |a PARTICIPACION SOCIAL  
999 |c 1051  |d 1051